000 00556nam a2200157 a 4500
008 120416s0000 ||||||||||||||||| || u
020 _a8120400569
050 _aGB 1197.6 Gar
100 _aGarg, Satya Prakash
245 1 0 _aGround water and tube wells
250 _a2nd ed.
260 _aNew Delhi
_bOxford & IBH Publishing Co
_c1982
300 _axvii, 345p. : ill.
350 _a0.00
995 _D0.00
_FCBU-MAIN LIBRARY (Kitwe)
_H1
_I120.00
_M1
_UDAMAGED
_WFeb 22, 2007
_ZMain Library Open Access Collection
999 _c44962
_d44962